000 00881nam a2200181Ia 4500
008 100920s9999 xx 000 0 und d
082 _b28110
_a891.464 थ 74
100 _aनारायण जयप्रकाश.
245 _aमित्रांनो, ही क्रांति आहे संपूर्ण क्रांति !.
260 _bभारतीय तरुण शांतिसेना महाराष्ट विभाग, वर्धा.
_c1974
300 _a39
_bसाधी
365 _b0
520 _aनिबंध.
630 _aमित्रांनो, ही क्रांति आहे संपूर्ण क्रांति !.
650 _aनिबंध.
730 _aमित्रांनो, ही क्रांति आहे संपूर्ण क्रांति !.
942 _cBOOK
999 _c684613
_d684610